[Event "EST-ch 1st email"]
[Site "Estonia"]
[Date "1999.??.??"]
[Round "?"]
[White "Hiiesalu, Taago"]
[Black "Purga, Oleg"]
[Result "0-1"]
[WhiteElo "2080"]
[BlackElo "2057"]
[PlyCount "100"]
[EventDate "1999.01.01"]
[EventType "tourn (corr)"]
[EventRounds "14"]
[EventCountry "EST"]
[SourceTitle "Corr 2002"]
[Source "ChessBase"]
[SourceDate "2002.05.23"]
[SourceVersion "1"]
[SourceVersionDate "2002.05.23"]
[SourceQuality "1"]

1. e4 e5 2. f4 exf4 3. Nf3 g5 4. Bc4 Bg7 5. h4 h6 6. d4 d6 7. c3 Nc6 8. 0-0 Qe7 9. a4 Bd7 10. b4 0-0-0 11. a5 Nf6 12. b5 Nb8 13. b6 cxb6 14. axb6 a6 15. e5 Ne8 16. Re1 g4 17. exd6 Qf6 18. Ne5 f3 19. Ra2 Nxd6 20. g3 Nxc4 21. Nxc4 Qc6 22. Ra5 Be6 23. Nbd2 Rd5 24. Rxd5 Bxd5 25. Ne3 Be6 26. Qc2 Nd7 27. Ba3 Nxb6 28. Nf5 Bf6 29. Be7 Nd7 30. Bxf6 Bxf5 31. Qxf5 Qxf6 32. Ne4 Qxf5 33. Nd6+ Kc7 34. Nxf5 b5 35. Ra1 Kb6 36. Nd6 h5 37. c4 bxc4 38. Nxc4+ Ka7 39. Nd6 Nf6 40. Nxf7 Re8 41. Nd6 Rd8 42. Nb5+ Kb6 43. Nc3 Rxd4 44. Re1 Nd7 45. Re6+ Ka5 46. Ne4 Kb4 47. Kf2 a5 48. Ke3 Rd5 49. Rc6 a4 50. Rc7 Nc5 0-1

[Event "EST-ch 1st email"]
[Site "Estonia"]
[Date "1999.??.??"]
[Round "?"]
[White "Purga, Oleg"]
[Black "Kulaots, Aare"]
[Result "1-0"]
[WhiteElo "2057"]
[BlackElo "2248"]
[PlyCount "53"]
[EventDate "1999.01.01"]
[EventType "tourn (corr)"]
[EventRounds "14"]
[EventCountry "EST"]
[SourceTitle "Corr 2002"]
[Source "ChessBase"]
[SourceDate "2002.05.23"]
[SourceVersion "1"]
[SourceVersionDate "2002.05.23"]
[SourceQuality "1"]

1. e4 e5 2. Nf3 f5 3. Nxe5 Qf6 4. Nc4 fxe4 5. Nc3 Qf7 6. Ne3 c6 7. Nxe4 d5 8. Ng5 Qf6 9. Nf3 Bd6 10. d4 Ne7 11. Bd3 Be6 12. 0-0 Nd7 13. c4 h6 14. cxd5 Nxd5 15. Nxd5 cxd5 16. Qb3 Nb6 17. Bb5+ Kf7 18. Bd2 Rhc8 19. Ba5 Bc7 20. Rac1 Kg8 21. Rc5 Bf4 22. Re1 Kh8 23. Bd3 Bg8 24. Qb5 Rf8 25. Rc2 Nc4 26. Bc3 b6 27. Ne5 1-0

[Event "IECG CP.1998.P.00051"]
[Site "IECG email"]
[Date "1998.10.01"]
[Round "?"]
[White "Holmes, Nick D"]
[Black "Purga, Oleg"]
[Result "0-1"]
[WhiteElo "1700"]
[BlackElo "2033"]
[PlyCount "44"]
[EventDate "1998.10.01"]
[EventType "tourn (corr)"]
[EventRounds "6"]
[EventCountry "FIN"]
[SourceTitle "Corr 2008"]
[Source "ChessBase"]
[SourceDate "2008.06.24"]
[SourceVersion "1"]
[SourceVersionDate "2008.06.24"]
[SourceQuality "1"]

1. e4 c6 2. d4 d5 3. Nc3 dxe4 4. Nxe4 Nd7 5. Nf3 Ngf6 6. Nc3 Nb6 7. Bg5 Bg4 8. Be2 e6 9. 0-0 Be7 10. Ne5 Bf5 11. Re1 0-0 12. g4 Bg6 13. h4 h6 14. Be3 Nfd5 15. h5 Nxe3 16. fxe3 Bh7 17. Bd3 Bd6 18. Nc4 Bxd3 19. cxd3 Nxc4 20. dxc4 Qh4 21. Qe2 f5 22. c5 Bc7 0-1

[Event "IECG CP.1998.P.00051"]
[Site "IECG email"]
[Date "1998.10.01"]
[Round "?"]
[White "Purga, Oleg"]
[Black "Marks, David W"]
[Result "1-0"]
[WhiteElo "2033"]
[BlackElo "1237"]
[PlyCount "61"]
[EventDate "1998.10.01"]
[EventType "tourn (corr)"]
[EventRounds "6"]
[EventCountry "FIN"]
[SourceTitle "Corr 2008"]
[Source "ChessBase"]
[SourceDate "2008.06.24"]
[SourceVersion "1"]
[SourceVersionDate "2008.06.24"]
[SourceQuality "1"]

1. d4 d5 2. c4 e6 3. Nc3 Nf6 4. cxd5 exd5 5. Bg5 c6 6. e3 Be7 7. Bd3 Ne4 8. Bxe7 Qxe7 9. Qc2 Bf5 10. Nge2 Nd7 11. f3 Nxc3 12. Bxf5 Nxe2 13. Qxe2 0-0 14. 0-0 Nf6 15. Rfe1 Rfe8 16. Qd2 c5 17. dxc5 Qxc5 18. b4 Qb6 19. a4 Rad8 20. a5 Qd6 21. Qd4 a6 22. Rac1 Re5 23. Bh3 Re7 24. Rc5 Rc7 25. Rec1 Rxc5 26. Qxc5 h6 27. Qxd6 Rxd6 28. Rc8+ Kh7 29. Rc7 b6 30. Bf5+ Kh8 31. Rxf7 1-0

[Event "IECC Trio 503 email"]
[Site "IECC email"]
[Date "1998.04.03"]
[Round "?"]
[White "Purga, Oleg"]
[Black "Collazo, Fernando"]
[Result "1/2-1/2"]
[WhiteElo "2077"]
[BlackElo "2215"]
[PlyCount "75"]
[EventDate "1998.??.??"]
[EventType "tourn (corr)"]
[EventRounds "4"]
[SourceTitle "Corr 2008"]
[Source "ChessBase"]
[SourceDate "2008.06.24"]
[SourceVersion "1"]
[SourceVersionDate "2008.06.24"]
[SourceQuality "1"]

1. d4 Nf6 2. c4 e6 3. Nf3 d5 4. g3 Bb4+ 5. Bd2 Be7 6. Bg2 0-0 7. 0-0 c6 8. Qc2 Nbd7 9. Rd1 b6 10. b3 Ba6 11. a4 c5 12. Na3 Bb7 13. Bc3 Ne4 14. Bb2 f5 15. Nb5 a6 16. Nc3 Bf6 17. e3 Qc7 18. Ne2 dxc4 19. bxc4 cxd4 20. exd4 Bd5 21. Nd2 Nxd2 22. Rxd2 Bxg2 23. Kxg2 Rac8 24. Rc1 Qc6+ 25. Kg1 Bg5 26. f4 Be7 27. Qb3 Nf6 28. Ba3 Bxa3 29. Qxa3 Rf7 30. d5 exd5 31. cxd5 Qd7 32. Rxc8+ Qxc8 33. Qc3 Qxc3 34. Nxc3 Rd7 35. Kg2 Kf7 36. Kf3 b5 37. axb5 axb5 38. Nxb5 1/2-1/2

[Event "IECG Q1.1998.0.00035"]
[Site "IECG email"]
[Date "1998.??.??"]
[Round "?"]
[White "Purdy, Warren M"]
[Black "Purga, Oleg"]
[Result "0-1"]
[WhiteElo "1567"]
[BlackElo "2159"]
[PlyCount "40"]
[EventDate "1998.03.03"]
[EventType "tourn (corr)"]
[EventRounds "6"]
[SourceTitle "Corr 2008"]
[Source "ChessBase"]
[SourceDate "2008.06.24"]
[SourceVersion "1"]
[SourceVersionDate "2008.06.24"]
[SourceQuality "1"]

1. e4 c5 2. Nf3 d6 3. d4 cxd4 4. Nxd4 Nf6 5. Nc3 a6 6. f4 Qc7 7. Qf3 g6 8. Be3 b5 9. Bd3 Nbd7 10. 0-0 Bb7 11. Qh3 b4 12. Nce2 Nxe4 13. f5 Bg7 14. Nf4 Qa5 15. Nde6 fxe6 16. Nxe6 Bxb2 17. fxg6 hxg6 18. Qg4 Ne5 19. Bxe4 Nxg4 20. Bxb7 Kd7 0-1